000 00536cam a22002171 4500
001 sa 68013221
003 DLC
005 20260227112620.0
008 891113m19689999ii 000 0 urdr
010 _asa 68013221
035 _a(OCoLC)20641337
040 _aDLC
_cWaU
_dDLC
042 _apremarc
050 0 0 _aPK1979
_b.A56
100 2 _aʻAlvī Kākorvī, T̤āhir Muḥsin,
_d1905-
245 1 0 _aFurūq.
260 _c[1968-
300 _av.
_c19 cm.
500 _aIn Urdu.
650 0 _aUrdu language
_xSynonyms and antonyms.
999 _c85003
_d85003